000 01911nam a22004213i 4500
001 EBC32534112
003 MiAaPQ
005 20260331170815.0
007 cr cnu||||||||
008 260331s2026 xx o ||||0 eng d
020 _a9783031875243
_q(electronic bk.)
020 _z9783031875236
040 _aMiAaPQ
_beng
_cMiAaPQ
100 1 _aSauer, Michelle M.
_969013
245 1 4 _aThe Palgrave Encyclopedia of Medieval Women's Writing in the Global Middle Ages.
250 _a1st ed.
264 1 _aCham :
_bPalgrave Macmillan,
_c2026.
264 4 _c©2026.
300 _a1 online resource (2244 pages)
336 _aText
_btxt
_2rdacontent
337 _aComputermedien
_bc
_2rdamedia
338 _aOnline Resource
_bcr
_2rdacarrier
341 0 _bUnknown accessibility
_2onix
341 0 _bNo reading system accessibility options actively disabled
_2onix
490 0 _aLiterature, Cultural and Media Studies
500 _aE-Book-ProQuest / Fernzugriff nach Registrierung möglich
520 _aThis is the first encyclopedia devoted exclusively to medieval women's writing globally.Focusing on the thousand-year period between 500-1500, this comprehensive reference work addresses a long-standing gap in scholarship on women writers from this period.
532 8 _aPublisher contact for further accessibility information: accessibilitysupport@springernature.com
655 _aFernzugriff
_9230
655 4 _aElectronic books.
700 1 _aWatt, Diane.
_969014
700 1 _aMcAvoy, Liz Herbert.
_969015
776 0 8 _iPrint version:
_aSauer, Michelle M.
_tThe Palgrave Encyclopedia of Medieval Women's Writing in the Global Middle Ages
_dCham : Palgrave Macmillan,c2026
_z9783031875236
856 4 0 _uhttps://ebookcentral.proquest.com/lib/maxweberstiftung-ebooks/detail.action?docID=32534112
_zVolltext
942 _cEB
999 _c74047
_d74047